| 000 | 00961nam a2200241 a 4500 | ||
|---|---|---|---|
| 001 | 83926 | ||
| 003 | BD-RjUL | ||
| 005 | 20240627111640.0 | ||
| 008 | 240627s2007 bg a|||| m||| 00| 0 eng d | ||
| 035 | _a(BD-RjUL)83926 | ||
| 040 |
_aBD-RjUL _beng _cBD-RjUL _dBD-RjUL |
||
| 041 | _aeng | ||
| 082 |
_223 _a635.657 _bNAE 2007 |
||
| 100 |
_aNaz, Atika _913362 |
||
| 245 | 1 | 0 |
_aEvaluation of Vigour Tests in Chickpea Seeds : _bRelationship of Aging, Cold and Germination Tests to Field Performance / _cBy Atika Naz ; _6Supervisor : Golam Kabir |
| 260 |
_aRajshahi : _bDepartment of Agronomy and Agricultural Extension, University of Rajshahi, _c2007 |
||
| 300 |
_axiv, 326 Leaves : _bill, ; _c29 cm. |
||
| 502 | _aThesis (Ph. D.) -- Department of Agronomy and Agricultural Extension, University of Rajshahi, 2007 | ||
| 504 | _aReferences : Leaves [293]-310 | ||
| 650 |
_aChickpea _vEvaluation _913363 |
||
| 700 |
_aKabir, Golam, Supervisor _93775 |
||
| 942 |
_2ddc _cTHE |
||
| 999 |
_c83926 _d83926 |
||